[Event "CZE-ch U12 Girls"]
[Site "Kouty nad Desnou"]
[Date "2010.03.06"]
[Round "1"]
[White "Sulcova, Lenka"]
[Black "Kubosova, Hana"]
[Result "0-1"]
[WhiteElo "1100"]
[BlackElo "1469"]
[PlyCount "46"]
[EventDate "2010.03.06"]
[EventType "swiss"]
[EventRounds "9"]
[EventCountry "CZE"]
[SourceTitle "EXT 2012"]
[Source "ChessBase"]
[SourceDate "2011.11.24"]
[SourceVersion "1"]
[SourceVersionDate "2011.11.24"]
[SourceQuality "1"]

1. e4 c5 2. d4 cxd4 3. Qxd4 Nc6 4. Qe3 d6 5. Bb5 Bd7 6. Nf3 Nf6 7. Nc3 g6 8. 0-0 Bg7 9. Qg5 0-0 10. Bf4 a6 11. Bc4 Qa5 12. Bd5 Rab8 13. e5 Nxd5 14. Nxd5 Qxd5 15. Rad1 Qe6 16. exd6 Rfe8 17. dxe7 Rbc8 18. Rfe1 Qf5 19. Qh4 Qg4 20. Rxd7 Qxd7 21. Ng5 h5 22. Re2 Qd1+ 23. Re1 Qxe1# 0-1

[Event "CZE-ch U10 Girls"]
[Site "Kouty nad Desnou"]
[Date "2009.03.10"]
[Round "5"]
[White "Sulcova, Lenka"]
[Black "Rosenbaumova, Lea"]
[Result "1/2-1/2"]
[WhiteElo "1100"]
[BlackElo "1000"]
[PlyCount "49"]
[EventDate "2009.03.07"]
[EventType "swiss"]
[EventRounds "9"]
[EventCountry "CZE"]
[SourceTitle "EXT 2011"]
[Source "ChessBase"]
[SourceDate "2010.11.26"]
[SourceVersion "1"]
[SourceVersionDate "2010.11.26"]
[SourceQuality "1"]

1. e4 e5 2. Nf3 Nc6 3. Bc4 Bc5 4. 0-0 Nf6 5. d3 0-0 6. Bg5 h6 7. Bh4 d6 8. Nc3 Bg4 9. h3 Bh5 10. a3 Qd7 11. b4 Bb6 12. b5 Na5 13. Ba2 Rad8 14. Qb1 c6 15. bxc6 bxc6 16. Bb3 Rfe8 17. Qa2 Nxb3 18. cxb3 c5 19. Rfe1 Qe6 20. Rad1 Ba5 21. b4 Bb6 22. Qb2 cxb4 23. axb4 Bc7 24. Nb5 Rc8 25. Rc1 1/2-1/2

[Event "CZE-ch U10 Girls"]
[Site "Kouty nad Desnou"]
[Date "2009.03.08"]
[Round "2"]
[White "Drastichova, Anezka"]
[Black "Sulcova, Lenka"]
[Result "0-1"]
[WhiteElo "1100"]
[BlackElo "1100"]
[PlyCount "102"]
[EventDate "2009.03.07"]
[EventType "swiss"]
[EventRounds "9"]
[EventCountry "CZE"]
[SourceTitle "EXT 2011"]
[Source "ChessBase"]
[SourceDate "2010.11.26"]
[SourceVersion "1"]
[SourceVersionDate "2010.11.26"]
[SourceQuality "1"]

1. e4 e5 2. Nf3 Nc6 3. Nc3 Bc5 4. Bc4 Nf6 5. 0-0 0-0 6. d3 d6 7. h3 h6 8. Be3 Bxe3 9. fxe3 Nh5 10. Nd2 Qh4 11. Nf3 Qg3 12. Qd2 Bxh3 13. Ne1 Bxg2 14. Nxg2 Qh3 15. Rf2 Ng3 16. Rf3 Qh1+ 17. Kf2 Qxa1 18. Rxg3 Qxb2 19. Nd1 Qb6 20. Qe2 d5 21. exd5 Ne7 22. Qg4 Qf6+ 23. Ke2 Nf5 24. Rf3 a6 25. e4 Nd4+ 26. Ke1 Nxf3+ 27. Kf1 Nd2+ 28. Ke1 Nf3+ 29. Kf1 Nh2+ 30. Ke1 Nxg4 31. c3 Nh2 32. Kd2 Nf1+ 33. Kc1 Qb6 34. Nb2 Qg6 35. Nh4 Qg5+ 36. Kb1 Qxh4 37. d4 Ne3 38. Bb3 Qe1+ 39. Bd1 Nxd1 40. Nxd1 Qxd1+ 41. Kb2 f5 42. exf5 Rxf5 43. a3 Rf1 44. a4 Qb1+ 45. Ka3 Qa1+ 46. Kb4 Rb1+ 47. Kc4 Qxa4+ 48. Kd3 Rf8 49. dxe5 Rf3+ 50. Ke2 Qe4+ 51. Kd2 Qd3# 0-1

[Event "CZE-ch U10 Girls"]
[Site "Sec u Chrudimi"]
[Date "2008.03.11"]
[Round "5"]
[White "Sulcova, Lenka"]
[Black "Rosenbaumova, Lea"]
[Result "0-1"]
[WhiteElo "1000"]
[BlackElo "1000"]
[PlyCount "32"]
[EventDate "2008.03.08"]
[EventType "swiss"]
[EventRounds "9"]
[EventCountry "CZE"]
[SourceTitle "EXT 2009"]
[Source "ChessBase"]
[SourceDate "2008.11.26"]
[SourceVersion "1"]
[SourceVersionDate "2008.11.26"]
[SourceQuality "1"]

1. e4 e5 2. Nf3 Bc5 3. Nxe5 Bd6 4. Nc4 Bc5 5. a3 Nf6 6. d3 0-0 7. e5 Nd5 8. g4 f6 9. g5 fxg5 10. Rg1 h6 11. Qh5 Re8 12. d4 Bxd4 13. Rg2 d6 14. Na5 Qe7 15. Qf3 Qxe5+ 16. Kd1 Qe1# 0-1

[Event "CZE-ch U10 Girls"]
[Site "Sec u Chrudimi"]
[Date "2008.03.08"]
[Round "1"]
[White "Sulcova, Lenka"]
[Black "Novotna, Barbora"]
[Result "0-1"]
[WhiteElo "1000"]
[BlackElo "1100"]
[PlyCount "74"]
[EventDate "2008.03.08"]
[EventType "swiss"]
[EventRounds "9"]
[EventCountry "CZE"]
[SourceTitle "EXT 2009"]
[Source "ChessBase"]
[SourceDate "2008.11.26"]
[SourceVersion "1"]
[SourceVersionDate "2008.11.26"]
[SourceQuality "1"]

1. e4 e5 2. Bc4 Nc6 3. Nf3 Bc5 4. 0-0 Nf6 5. a3 Nxe4 6. b4 Bd4 7. Ra2 0-0 8. g3 Bb6 9. d3 Nf6 10. b5 Na5 11. Bb3 Nxb3 12. Bb2 Nd4 13. Ng5 d6 14. a4 Be6 15. Ra1 Bg4 16. Qe1 Nxc2 17. Qd2 Nxa1 18. Bxa1 Re8 19. Nc3 Bd4 20. Nb1 Bxa1 21. Re1 d5 22. Ne4 dxe4 23. dxe4 Qxd2 24. Nxd2 Bc3 25. Nb3 Bxe1 26. Kf1 Bb4 27. Kg2 Nxe4 28. f4 exf4 29. gxf4 Red8 30. h3 Rd3 31. a5 Bxh3+ 32. Kg1 Re8 33. a6 bxa6 34. bxa6 Rxb3 35. f5 Rb2 36. Kh1 Nc5 37. f6 Re1# 0-1